Toxicology ( The basic sciences of poison )

में बचाया:
ग्रंथसूची विवरण
मुख्य लेखक: C. D. Klaassen
स्वरूप: पुस्तक
भाषा:Undetermined
विषय:
टैग : टैग जोड़ें
कोई टैग नहीं, इस रिकॉर्ड को टैग करने वाले पहले व्यक्ति बनें!
Thư viện lưu trữ: Trung tâm Học liệu Trường Đại học Cần Thơ
LEADER 00396nam a2200145Ia 4500
001 CTU_67145
008 210402s9999 xx 000 0 und d
082 |a 615.9 
082 |b K63 
100 |a C. D. Klaassen 
245 0 |a Toxicology ( The basic sciences of poison ) 
245 0 |c C. D. Klaassen 
650 |a toxicology 
904 |i Minh 
980 |a Trung tâm Học liệu Trường Đại học Cần Thơ